Suburban future (Record no. 117747)

MARC details
000 -LEADER
fixed length control field 01163cam a2200217 4500
001 - CONTROL NUMBER
control field WB@3612-618
008 - FIXED-LENGTH DATA ELEMENTS--GENERAL INFORMATION
fixed length control field 040721n2004 000 0 eng u
035 ## - SYSTEM CONTROL NUMBER
System control number (Sirsi) u126893
245 ## - TITLE STATEMENT
Title Suburban future
260 ## - PUBLICATION, DISTRIBUTION, ETC.
Date of publication, distribution, etc. 2004
490 ## - SERIES STATEMENT
Series statement Independent Transport Commission Press Release
Volume/sequential designation 19 July 2004 (2)
520 ## - SUMMARY, ETC.
Summary, etc. The Independent Transport Commission (ITC) has published a report, "Suburban future" which shows that 29m people live, work and play in the suburbs of England. These people are car-dependent and will find that by 2021 it could take them longer to get to work. A journey that currently takes 25 minutes could, by that date, take them 35 minutes. A massive 60% of England's traffic growth is forecast for these suburbs. The ITC wants to see land use and transport polices being tailored to these areas - urgently. The full report can be found at: http://trg1.civil.soton.ac.uk/itc/subex02_main.pdf . http://www.trg.soton.ac.uk/itc/news_190704.htm
590 ## - LOCAL NOTE (RLIN)
Local note WB
590 ## - LOCAL NOTE (RLIN)
Local note WB
650 ## - SUBJECT ADDED ENTRY--TOPICAL TERM
Topical term or geographic name entry element SUBURBAN AREAS
650 ## - SUBJECT ADDED ENTRY--TOPICAL TERM
Topical term or geographic name entry element URBAN ENVIRONMENT
650 ## - SUBJECT ADDED ENTRY--TOPICAL TERM
Topical term or geographic name entry element COMMUTING
650 ## - SUBJECT ADDED ENTRY--TOPICAL TERM
Topical term or geographic name entry element TOWN PLANNING
690 ## - LOCAL SUBJECT ADDED ENTRY--TOPICAL TERM (OCLC, RLIN)
Topical term or geographic name as entry element PLANNING
942 ## - ADDED ENTRY ELEMENTS (KOHA)
Suppress in OPAC 0
Holdings
Withdrawn status Lost status Source of classification or shelving scheme Damaged status Not for loan Home library Current library Shelving location Date acquired Total Checkouts Full call number Barcode Date last seen Copy number Price effective from Koha item type
    Dewey Decimal Classification     London London News article 21/07/2004   WB4028-15 126893-1001 06/08/2019 1 06/08/2019 News article